L' ame primitive

Gespeichert in:
Bibliographische Detailangaben
1. Verfasser: Lévy-Bruhl, Lucien (VerfasserIn)
Format: Buch
Sprache:Französisch
Veröffentlicht: París Universites de France 1963
Schriftenreihe:Bibliothéque de Philosophie Contemporaine
Schlagworte:
Tags: Tag hinzufügen
Keine Tags, Fügen Sie den ersten Tag hinzu!

MARC

LEADER 00000nam a2200000 a 4500
001 UCZ4247
003 CL-VaPUC
008 951106e19630000FR |||||||||||||||||fre|d
082 0 4 |a 128  |b LEV  |2 21 
100 |a Lévy-Bruhl, Lucien  |e author  |9 395600 
245 1 3 |a L' ame primitive 
300 |a 451 p 
942 |c BK 
945 |d 19951106 00:00:00  |a cmena 
260 |a París  |b Universites de France  |c 1963 
650 0 |a Antropología   |9 233030 
650 7 |a HOMBRE  |2 CL-VaPUC  |9 262149 
650 0 |a Naturaleza humana   |9 308593 
650 0 |a Amor  |9 257817 
650 0 |a Emociones   |9 265224 
650 0 |a Muerte  |9 265114 
650 0 |a Interacción social   |9 307764 
650 0 |a Solidaridad  |9 259208 
650 7 |a GRUPOS  |2 CL-VaPUC  |9 336429 
583 |a last modification  |c 19951106 00:00:00  |k Rodrigo Vera 
490 0 |a Bibliothéque de Philosophie Contemporaine 
999 |c 240662  |d 240660 
952 |0 0  |1 0  |4 0  |6 128_000000000000000_LEV_1963  |7 0  |8 P  |9 252646  |a BIBEDU  |b BIBEDU  |c BIBEDU_PB  |d 2019-11-18  |i 1594435  |o 128 LEV 1963  |p 1594435  |r 2024-01-25  |w 2019-11-18  |y BK  |k FIL